000 00316nam a2200133Ia 4500
005 20260328104319.0
008 260328s9999||||xx |||||||||||||| ||und||
100 _aWoods, Lebbeus
245 0 _aTEN Arquitectos /
_cLebbeus Woods
260 _bGustavo Gili
300 _a96 p.
650 _aARQUITECTOS
942 _cBK
999 _c11278
_d11278